000 00843nam a2200265 a 4500
001 BRL_1425
005 20190320211210.0
008 140114s1944----mx-ae#####---#000-0dspa-#
041 _aspa
044 _amx
050 4 _aF1435
_p.B56 1944
100 1 _aBlom, Frans Ferdinand
_d1893-1963
_926786
245 1 0 _aLa vida de los mayas
_cpor Blom Frans.
260 _aMéxico
_bSecretaría de Educación Pública
_c1944
300 _a90 p.
_bil.
_c20 cm.
440 0 _aBiblioteca enciclopédica popular
_v25
_926868
500 _aej.1 Au1693, ej.2 Au1700
500 _aLa biblioteca cuenta con 2 ejemplares
500 _aEstado físico: Ej.2 encuadernado, agosto 2014
504 _aBibliografía: p. [83]-90.
650 1 4 _aMayas
_xVida social y costumbre
_926869
650 1 4 _aMayas
_xAntigüedades
_99555
902 _aGRL
942 _2lcc
_cB
999 _c10235
_d10235